Law of employment: practice and analysis. / (Record no. 2723)

MARC details
000 -LEADER
fixed length control field 01619nam a22001697a 4500
008 - FIXED-LENGTH DATA ELEMENTS--GENERAL INFORMATION
fixed length control field 140319b xxu||||| |||| 00| 0 eng d
020 ## - INTERNATIONAL STANDARD BOOK NUMBER
International Standard Book Number 074941541x
050 ## - LIBRARY OF CONGRESS CALL NUMBER
Classification number KD3040.L58
100 ## - MAIN ENTRY--PERSONAL NAME
Personal name Lewis, Paul
245 ## - TITLE STATEMENT
Title Law of employment: practice and analysis. /
Statement of responsibility, etc. Paul Lewis
260 ## - PUBLICATION, DISTRIBUTION, ETC.
Place of publication, distribution, etc. London:
Name of publisher, distributor, etc. Kogan Page,
Date of publication, distribution, etc. c1998.
300 ## - PHYSICAL DESCRIPTION
Extent xxxvii, 569 p.:
Dimensions 23cm.
500 ## - GENERAL NOTE
General note Includes bibliographical references and index.
505 ## - FORMATTED CONTENTS NOTE
Formatted contents note Contents: The System of employment law: Employment law and the UK legal system -- The European Union legal system -- The Institutions of employment law -- Industrial tribunal procedure -- The Substance of employment law: Employment status and continuity -- Race and sex discrimination -- Disability and other discrimination -- The Contract of employment: formation and sources -- Recruitment, selection and appointment -- The Contract of employment: terms, interpretation and change -- Pay--hours of work, holidays and time off -- Maternity -- Health and safety: general statutory requirements -- Health and safety: civil liability -- Wrongful and unfair dismissal -- Redundancy and unfair dismissal -- Redundancy: consultation with employee or union representatives -- Redundancy payments -- Transfers of undertakings -- Trade unions -- Collective bargaining -- Industrial action -- Protection of information and property -- Problems and perspectives: The Development and impact of employment law -- The Functioning of the industrial tribunal system -- Employment law and the European Union -- Policy issues and the employment law system.
650 ## - SUBJECT ADDED ENTRY--TOPICAL TERM
Topical term or geographic name entry element Employment Law
942 ## - ADDED ENTRY ELEMENTS (KOHA)
Source of classification or shelving scheme Library of Congress Classification
Koha item type Books
Holdings
Withdrawn status Lost status Source of classification or shelving scheme Damaged status Not for loan Home library Current library Shelving location Date acquired Total Checkouts Full call number Barcode Date last seen Price effective from Koha item type
    Library of Congress Classification     WISCONSIN INTERNATIONAL UNIVERSITY COLLEGE, GHANA - MAIN LIBRARY WISCONSIN INTERNATIONAL UNIVERSITY COLLEGE, GHANA - MAIN LIBRARY Reference 19/03/2014   KD3040.L58 6541/12 19/03/2014 19/03/2014 Books

If you have any concerns or questions; kindly contact the library


© Powered by WIUC ICT DIRECTORATE